[Event "Ste Foy Alekhine"]
[Site "Ste Foy CAN"]
[Date "2017.09.18"]
[Round "2"]
[White "Fecteau, Martin"]
[Black "Bluteau, Yvon"]
[Result "1-0"]
[WhiteElo "1961"]
[BlackElo "1813"]
[WhiteFideId "-1"]
[WhiteFideId "-1"]
[PlyCount "93"]
[GameId "2160767908338640"]
[EventDate "2017.09.11"]
[EventType "swiss"]
[EventRounds "5"]
[EventCountry "CAN"]
[SourceTitle "EXT 2022"]
[Source "ChessBase"]
[SourceDate "2021.10.06"]
[SourceVersion "1"]
[SourceVersionDate "2021.10.06"]
[SourceQuality "1"]

1. Nf3 d5 2. g3 Nf6 3. Bg2 g6 4. d4 Bg7 5. c4 c6 6. Nbd2 O-O 7. O-O Re8 8. Ne5 Ng4 9. cxd5 Nxe5 10. dxe5 Bxe5 11. Nc4 Bg7 12. e4 Bd7 13. Bd2 cxd5 14. exd5 Bb5 15. Rc1 Nd7 16. Re1 Bxc4 17. Rxc4 Bxb2 18. Rb4 Bf6 19. Rxb7 Nc5 20. Rb1 Rb8 21. Bf4 Rxb1 22. Qxb1 Qd7 23. Rc1 e5 24. dxe6 Nxe6 25. Be3 Bg5 26. Bc6 Qe7 27. Bxe8 Qxe8 28. Qe4 Bxe3 29. Qxe3 Qd7 30. h4 h5 31. Qf3 Kh7 32. Rd1 Qc7 33. Qd5 Kg7 34. Kh2 a5 35. Rd2 Qc3 36. Qd3 Qf6 37. Qe3 g5 38. hxg5 Nxg5 39. f4 Ne6 40. Qe5 Qxe5 41. fxe5 Kg6 42. Rf2 Nc5 43. Rf6+ Kg7 44. Rc6 Nd3 45. e6 fxe6 46. Rxe6 a4 47. Re4 1-0

[Event "Ste Foy Alekhine"]
[Site "Ste Foy CAN"]
[Date "2017.09.18"]
[Round "2"]
[White "Lessard, Claude"]
[Black "Glode, Martin"]
[Result "1-0"]
[WhiteElo "2124"]
[BlackElo "1891"]
[WhiteFideId "-1"]
[WhiteFideId "-1"]
[PlyCount "71"]
[GameId "2160767908338641"]
[EventDate "2017.09.11"]
[EventType "swiss"]
[EventRounds "5"]
[EventCountry "CAN"]
[SourceTitle "EXT 2022"]
[Source "ChessBase"]
[SourceDate "2021.10.06"]
[SourceVersion "1"]
[SourceVersionDate "2021.10.06"]
[SourceQuality "1"]

1. e4 Nf6 2. e5 Nd5 3. d4 d6 4. Nf3 Bg4 5. exd6 exd6 6. c4 Nb6 7. Bd3 Nc6 8. Be3 Nb4 9. Be2 Bf5 10. Na3 Be7 11. O-O O-O 12. d5 Bf6 13. Qd2 c5 14. dxc6 Nxc6 15. Nb5 d5 16. c5 Nc4 17. Bxc4 dxc4 18. Nd6 Bd3 19. Rfd1 b6 20. Rac1 Ne5 21. Nxe5 Bxe5 22. Nxc4 Bxc4 23. Rxc4 Qc7 24. Qc2 Rac8 25. g3 b5 26. Rh4 g6 27. Rb4 a6 28. a4 Qc6 29. axb5 axb5 30. Qe4 Qxe4 31. Rxe4 Bxb2 32. Rb4 Rfd8 33. Rxd8+ Rxd8 34. Rxb2 Rd1+ 35. Kg2 b4 36. Rxb4 1-0

[Event "Ste Foy Alekhine"]
[Site "Ste Foy CAN"]
[Date "2017.09.18"]
[Round "2"]
[White "Tremblay-Alix, Eric"]
[Black "Cossette, Daniel"]
[Result "0-1"]
[WhiteElo "1828"]
[BlackElo "2065"]
[WhiteFideId "-1"]
[WhiteFideId "-1"]
[PlyCount "70"]
[GameId "2160767908338642"]
[EventDate "2017.09.11"]
[EventType "swiss"]
[EventRounds "5"]
[EventCountry "CAN"]
[SourceTitle "EXT 2022"]
[Source "ChessBase"]
[SourceDate "2021.10.06"]
[SourceVersion "1"]
[SourceVersionDate "2021.10.06"]
[SourceQuality "1"]

1. Nf3 d5 2. c4 e6 3. Nc3 c5 4. d4 Nf6 5. Bg5 Nc6 6. cxd5 exd5 7. Bxf6 gxf6 8. e3 c4 9. g3 Bb4 10. Bg2 Be6 11. Nd2 Qd7 12. Rc1 O-O-O 13. Qf3 Be7 14. a3 h5 15. O-O h4 16. Qe2 hxg3 17. fxg3 Rh6 18. Nxc4 Bg4 19. Qd3 dxc4 20. Qxc4 Kb8 21. b4 f5 22. b5 Na5 23. Qa4 b6 24. Nd5 Bd6 25. Rc6 Nxc6 26. bxc6 Qc8 27. Nxb6 Qe6 28. Nd7+ Rxd7 29. Rb1+ Kc8 30. cxd7+ Qxd7 31. Qa6+ Kd8 32. Rb7 Qe6 33. Qa5+ Ke8 34. Bc6+ Kf8 35. Qd8+ Kg7 0-1

[Event "Ste Foy Alekhine"]
[Site "Ste Foy CAN"]
[Date "2017.09.25"]
[Round "3"]
[White "Beauchesne, Jonathan"]
[Black "Lessard, Claude"]
[Result "0-1"]
[WhiteElo "1786"]
[BlackElo "2124"]
[WhiteFideId "-1"]
[WhiteFideId "-1"]
[PlyCount "120"]
[GameId "2160767908338643"]
[EventDate "2017.09.11"]
[EventType "swiss"]
[EventRounds "5"]
[EventCountry "CAN"]
[SourceTitle "EXT 2022"]
[Source "ChessBase"]
[SourceDate "2021.10.06"]
[SourceVersion "1"]
[SourceVersionDate "2021.10.06"]
[SourceQuality "1"]

1. e4 d6 2. d4 Nf6 3. Nc3 g6 4. Nf3 Bg7 5. Be2 O-O 6. O-O Na6 7. Bg5 c5 8. e5 cxd4 9. exf6 exf6 10. Nxd4 fxg5 11. Bc4 Nc7 12. Nd5 Nxd5 13. Bxd5 Qb6 14. Nf3 Qxb2 15. Rb1 Qf6 16. Bxb7 Rb8 17. Bd5 Bf5 18. Rxb8 Rxb8 19. Bb3 g4 20. Ne1 h5 21. Nd3 Qd4 22. Qc1 a5 23. Qa3 Qb6 24. Nf4 Bd4 25. Nd5 Qd8 26. Qa4 Be5 27. Ne3 Bd7 28. Qe4 Kg7 29. Nc4 Bf5 30. Qc6 Rc8 31. Qb7 Qc7 32. Qxc7 Rxc7 33. Nxa5 d5 34. Rd1 Bxc2 35. Rc1 Bxb3 36. Rxc7 Bxc7 37. Nxb3 Kf6 38. Kf1 Ke5 39. Ke2 f5 40. a4 Bb6 41. a5 Ba7 42. a6 f4 43. Na5 Kd6 44. f3 Kc5 45. Kd3 gxf3 46. gxf3 g5 47. h3 Kb5 48. Nb7 Kxa6 49. Nd6 Bc5 50. Nf7 Be7 51. Ne5 Bf6 52. Nd7 Bg7 53. Nc5+ Kb5 54. Ne6 Bf6 55. Nf8 Kc6 56. Ng6 Kd6 57. Nf8 Ke7 58. Nh7 Kf7 59. Nxf6 Kxf6 60. Kd4 Ke6 0-1

[Event "Ste Foy Alekhine"]
[Site "Ste Foy CAN"]
[Date "2017.09.25"]
[Round "3"]
[White "Bluteau, Yvon"]
[Black "Pouliot, Lewis"]
[Result "1-0"]
[WhiteElo "1813"]
[BlackElo "1394"]
[WhiteFideId "-1"]
[WhiteFideId "-1"]
[PlyCount "49"]
[GameId "2160767908338644"]
[EventDate "2017.09.11"]
[EventType "swiss"]
[EventRounds "5"]
[EventCountry "CAN"]
[SourceTitle "EXT 2022"]
[Source "ChessBase"]
[SourceDate "2021.10.06"]
[SourceVersion "1"]
[SourceVersionDate "2021.10.06"]
[SourceQuality "1"]

1. c4 c6 2. Nc3 e6 3. Nf3 Nf6 4. d4 d5 5. e3 Be7 6. Ne5 O-O 7. Bd3 Nbd7 8. f4 Nxe5 9. fxe5 Nd7 10. O-O f6 11. Qh5 f5 12. g4 g6 13. Qh3 Rf7 14. Bd2 fxg4 15. Qxg4 Rxf1+ 16. Rxf1 Nf8 17. Ne2 Bd7 18. Nf4 Qe8 19. Nh5 Kh8 20. Nf6 Bxf6 21. Rxf6 Qe7 22. Qf3 Kg7 23. Qf4 Be8 24. Qh4 Nd7 25. Rxg6+ 1-0

[Event "Ste Foy Alekhine"]
[Site "Ste Foy CAN"]
[Date "2017.09.25"]
[Round "3"]
[White "Cossette, Daniel"]
[Black "Fecteau, Martin"]
[Result "0-1"]
[WhiteElo "2065"]
[BlackElo "1961"]
[WhiteFideId "-1"]
[WhiteFideId "-1"]
[PlyCount "84"]
[GameId "2160767908338645"]
[EventDate "2017.09.11"]
[EventType "swiss"]
[EventRounds "5"]
[EventCountry "CAN"]
[SourceTitle "EXT 2022"]
[Source "ChessBase"]
[SourceDate "2021.10.06"]
[SourceVersion "1"]
[SourceVersionDate "2021.10.06"]
[SourceQuality "1"]

1. e4 c5 2. Nf3 d6 3. Bb5+ Bd7 4. Bxd7+ Qxd7 5. c4 g6 6. Nc3 Bg7 7. d4 cxd4 8. Nxd4 Nf6 9. O-O O-O 10. f3 Nc6 11. Nde2 a6 12. Bg5 Rab8 13. a4 Rfd8 14. Kh1 Nb4 15. Qd2 a5 16. Rfd1 Qe8 17. Rac1 Nd7 18. Be3 b6 19. Qe1 Nc5 20. Qg1 Nd7 21. b3 Nc5 22. Bxc5 dxc5 23. Nd5 Nc6 24. Nc7 Rxd1 25. Qxd1 Qc8 26. Nb5 Rb7 27. Rc2 Rd7 28. Rd2 Rxd2 29. Qxd2 Nd4 30. Nbxd4 cxd4 31. f4 e5 32. fxe5 Bxe5 33. g3 Qc6 34. Nc1 Qxe4+ 35. Kg1 Bd6 36. Nd3 Bc5 37. Nxc5 bxc5 38. Qxa5 Qe3+ 39. Kg2 d3 40. Qd8+ Kg7 41. g4 d2 42. g5 Qd4 0-1

[Event "Ste Foy Alekhine"]
[Site "Ste Foy CAN"]
[Date "2017.09.25"]
[Round "3"]
[White "Garneau, Benoit"]
[Black "Tremblay-Alix, Eric"]
[Result "1/2-1/2"]
[WhiteElo "1777"]
[BlackElo "1828"]
[WhiteFideId "-1"]
[WhiteFideId "-1"]
[PlyCount "67"]
[GameId "2160767908338646"]
[EventDate "2017.09.11"]
[EventType "swiss"]
[EventRounds "5"]
[EventCountry "CAN"]
[SourceTitle "EXT 2022"]
[Source "ChessBase"]
[SourceDate "2021.10.06"]
[SourceVersion "1"]
[SourceVersionDate "2021.10.06"]
[SourceQuality "1"]

1. Nf3 Nf6 2. g3 c5 3. Bg2 Nc6 4. O-O e5 5. d3 d5 6. Nbd2 Be7 7. e4 O-O 8. exd5 Nxd5 9. Nc4 f6 10. a4 Ndb4 11. Bd2 Bf5 12. Bc3 Kh8 13. Nh4 Be6 14. Bxb4 Nxb4 15. Bxb7 Rb8 16. Bg2 Bxc4 17. dxc4 Qxd1 18. Raxd1 Rfd8 19. Nf5 Bf8 20. Rxd8 Rxd8 21. c3 Na6 22. Bd5 Rb8 23. Rb1 Nc7 24. Bg2 Na8 25. Bxa8 Rxa8 26. b4 Rb8 27. b5 g6 28. Ne3 Be7 29. Nd5 Bd8 30. g4 Kg7 31. Kg2 Ba5 32. Re1 Re8 33. f4 e4 34. Re3 1/2-1/2

[Event "Ste Foy Alekhine"]
[Site "Ste Foy CAN"]
[Date "2017.10.02"]
[Round "4"]
[White "Fecteau, Martin"]
[Black "Lessard, Claude"]
[Result "1/2-1/2"]
[WhiteElo "1961"]
[BlackElo "2124"]
[WhiteFideId "-1"]
[WhiteFideId "-1"]
[PlyCount "55"]
[GameId "2160767908338649"]
[EventDate "2017.09.11"]
[EventType "swiss"]
[EventRounds "5"]
[EventCountry "CAN"]
[SourceTitle "EXT 2022"]
[Source "ChessBase"]
[SourceDate "2021.10.06"]
[SourceVersion "1"]
[SourceVersionDate "2021.10.06"]
[SourceQuality "1"]

1. Nf3 Nf6 2. d4 c5 3. d5 d6 4. g3 b5 5. Bg2 Bb7 6. Ng5 h6 7. Nh3 e5 8. e4 g5 9. f3 Nbd7 10. O-O a5 11. a4 b4 12. Re1 Nb6 13. Nd2 Qd7 14. b3 Ba6 15. Nf1 g4 16. Nf2 gxf3 17. Qxf3 Qd8 18. Ne3 h5 19. Nf5 Rg8 20. h3 c4 21. Be3 Nbd7 22. h4 Qc7 23. Bg5 Rg6 24. Bh3 Nh7 25. Be3 Nhf6 26. Bg5 Nh7 27. Be3 Nhf6 28. Bg5 1/2-1/2

[Event "Ste Foy Alekhine"]
[Site "Ste Foy CAN"]
[Date "2017.10.02"]
[Round "4"]
[White "Potvin, Alain-Nicolas"]
[Black "Cossette, Daniel"]
[Result "0-1"]
[WhiteElo "1796"]
[BlackElo "2065"]
[WhiteFideId "-1"]
[WhiteFideId "-1"]
[PlyCount "106"]
[GameId "2160767908338650"]
[EventDate "2017.09.11"]
[EventType "swiss"]
[EventRounds "5"]
[EventCountry "CAN"]
[SourceTitle "EXT 2022"]
[Source "ChessBase"]
[SourceDate "2021.10.06"]
[SourceVersion "1"]
[SourceVersionDate "2021.10.06"]
[SourceQuality "1"]

1. d4 d5 2. Nf3 e6 3. e3 Nf6 4. Bd3 c5 5. b3 Nc6 6. a3 Bd6 7. Bb2 Qe7 8. Ne5 Bxe5 9. dxe5 Nd7 10. Qg4 f5 11. exf6 Nxf6 12. Qh4 Bd7 13. Bg6+ Kd8 14. O-O Kc7 15. Qg3+ Qd6 16. Qxd6+ Kxd6 17. Bd3 Rac8 18. Nd2 Ne5 19. Be2 Nf7 20. Rad1 Ke7 21. c4 b6 22. Nf3 Bc6 23. Ne5 Nxe5 24. Bxe5 Rhd8 25. f4 g6 26. g4 dxc4 27. g5 Ne8 28. Bxc4 b5 29. Be2 a6 30. h4 Bd5 31. Rd3 c4 32. bxc4 Bxc4 33. Rxd8 Rxd8 34. Bxc4 bxc4 35. Bd4 Rc8 36. Rc1 Nd6 37. Bc3 Nb5 38. a4 Nxc3 39. Rxc3 Kd6 40. Kf2 Kc5 41. Rc1 Rb8 42. Kf3 Rb3 43. Ke4 Kb4 44. Kd4 Rd3+ 45. Ke4 Rd2 46. Ke5 c3 47. a5 Re2 48. e4 c2 49. Kxe6 Rxe4+ 50. Kd5 Re2 51. Kd4 Kb3 52. Kd3 Rh2 53. h5 Rxh5 0-1

[Event "Ste Foy Alekhine"]
[Site "Ste Foy CAN"]
[Date "2017.10.02"]
[Round "4"]
[White "Rouleau, Claude"]
[Black "Bluteau, Yvon"]
[Result "1-0"]
[WhiteElo "1638"]
[BlackElo "1813"]
[WhiteFideId "-1"]
[WhiteFideId "-1"]
[PlyCount "49"]
[GameId "2160767908338651"]
[EventDate "2017.09.11"]
[EventType "swiss"]
[EventRounds "5"]
[EventCountry "CAN"]
[SourceTitle "EXT 2022"]
[Source "ChessBase"]
[SourceDate "2021.10.06"]
[SourceVersion "1"]
[SourceVersionDate "2021.10.06"]
[SourceQuality "1"]

1. e4 c5 2. Nf3 d6 3. d4 cxd4 4. Nxd4 Nf6 5. Nc3 Bd7 6. Be3 g6 7. Qd2 h5 8. f4 Nc6 9. h3 Qb8 10. Be2 Bg7 11. Bf3 a6 12. O-O O-O 13. a4 b6 14. e5 Nxe5 15. fxe5 dxe5 16. Bxa8 Qxa8 17. Nf3 Qb8 18. Qf2 b5 19. axb5 axb5 20. Bc5 Re8 21. Ng5 b4 22. Nd5 Qd8 23. Bxb4 Bb5 24. Rfd1 Qb8 25. Nxe7+ 1-0

[Event "Ste Foy Alekhine"]
[Site "Ste Foy CAN"]
[Date "2017.10.02"]
[Round "4"]
[White "Tremblay-Alix, Eric"]
[Black "Beauchesne, Jonathan"]
[Result "1-0"]
[WhiteElo "1828"]
[BlackElo "1786"]
[WhiteFideId "-1"]
[WhiteFideId "-1"]
[PlyCount "81"]
[GameId "2160767908338652"]
[EventDate "2017.09.11"]
[EventType "swiss"]
[EventRounds "5"]
[EventCountry "CAN"]
[SourceTitle "EXT 2022"]
[Source "ChessBase"]
[SourceDate "2021.10.06"]
[SourceVersion "1"]
[SourceVersionDate "2021.10.06"]
[SourceQuality "1"]

1. c4 c5 2. Nf3 Nf6 3. Nc3 Nc6 4. g3 g6 5. Bg2 Bg7 6. d4 Nxd4 7. Nxd4 cxd4 8. Qxd4 O-O 9. O-O d6 10. Bg5 Qa5 11. Qd2 Re8 12. Rad1 Qc7 13. b3 Be6 14. Nb5 Qd7 15. Qf4 Nh5 16. Qf3 a6 17. Nxd6 exd6 18. Qxb7 Qxb7 19. Bxb7 Bh3 20. Bxa8 Bxf1 21. Bc6 Bxe2 22. Rxd6 Bf8 23. Rd2 Re6 24. Bd5 Re8 25. Bc6 Re6 26. Bd7 Rd6 27. Bc8 Rc6 28. Bxa6 Rxa6 29. Rxe2 Kg7 30. Be3 Bb4 31. Rc2 Rc6 32. c5 Kf8 33. Rc4 Ba3 34. b4 Nf6 35. b5 Rc8 36. b6 Rc6 37. b7 Nd7 38. Ra4 Bxc5 39. Bxc5+ Rxc5 40. Ra8+ Kg7 41. Rd8 1-0

[Event "Ste Foy Alekhine"]
[Site "Ste Foy CAN"]
[Date "2017.10.09"]
[Round "5"]
[White "Bluteau, Yvon"]
[Black "Beauchesne, Jonathan"]
[Result "0-1"]
[WhiteElo "1813"]
[BlackElo "1786"]
[WhiteFideId "-1"]
[WhiteFideId "-1"]
[PlyCount "62"]
[GameId "2160767908338653"]
[EventDate "2017.09.11"]
[EventType "swiss"]
[EventRounds "5"]
[EventCountry "CAN"]
[SourceTitle "EXT 2022"]
[Source "ChessBase"]
[SourceDate "2021.10.06"]
[SourceVersion "1"]
[SourceVersionDate "2021.10.06"]
[SourceQuality "1"]

1. d4 d5 2. Nf3 Nf6 3. c4 e6 4. Qc2 c5 5. cxd5 Nxd5 6. e3 cxd4 7. exd4 Bb4+ 8. Nc3 Nd7 9. Bd3 N7f6 10. O-O h6 11. Bd2 Be7 12. a3 a6 13. Ne5 Nxc3 14. bxc3 Nd7 15. f4 Nxe5 16. fxe5 Bd7 17. Be4 Qc7 18. Rf3 Bc6 19. Kh1 b5 20. Qd3 Qb7 21. Bxc6+ Qxc6 22. Raf1 f5 23. exf6 Bxf6 24. Qg6+ Kd7 25. Bf4 Raf8 26. Bg3 Rhg8 27. Rd1 Qd5 28. Qd3 Bg5 29. Rxf8 Rxf8 30. a4 Qc4 31. Qg6 Rf1+ 0-1

[Event "Ste Foy Alekhine"]
[Site "Ste Foy CAN"]
[Date "2017.10.09"]
[Round "5"]
[White "Lessard, Claude"]
[Black "Cossette, Daniel"]
[Result "0-1"]
[WhiteElo "2124"]
[BlackElo "2065"]
[WhiteFideId "-1"]
[WhiteFideId "-1"]
[PlyCount "50"]
[GameId "2160767908338654"]
[EventDate "2017.09.11"]
[EventType "swiss"]
[EventRounds "5"]
[EventCountry "CAN"]
[SourceTitle "EXT 2022"]
[Source "ChessBase"]
[SourceDate "2021.10.06"]
[SourceVersion "1"]
[SourceVersionDate "2021.10.06"]
[SourceQuality "1"]

1. d4 d5 2. Nf3 e6 3. e3 Nf6 4. Bd3 c5 5. b3 Nc6 6. a3 Bd6 7. O-O O-O 8. Bb2 b6 9. Ne5 Bb7 10. Nd2 Qc7 11. f4 Ne7 12. Qf3 c4 13. bxc4 dxc4 14. Qe2 cxd3 15. cxd3 Rac8 16. Rac1 Qb8 17. Ndc4 b5 18. Nxd6 Qxd6 19. e4 Rxc1 20. Rxc1 Rc8 21. Rxc8+ Nxc8 22. Qd2 Nb6 23. Nf3 Nfd7 24. f5 exf5 25. Qg5 fxe4 0-1

[Event "Ste Foy Alekhine"]
[Site "Ste Foy CAN"]
[Date "2017.10.09"]
[Round "5"]
[White "Potvin, Alain-Nicolas"]
[Black "Tremblay-Alix, Eric"]
[Result "0-1"]
[WhiteElo "1796"]
[BlackElo "1828"]
[WhiteFideId "-1"]
[WhiteFideId "-1"]
[PlyCount "102"]
[GameId "2160767908338655"]
[EventDate "2017.09.11"]
[EventType "swiss"]
[EventRounds "5"]
[EventCountry "CAN"]
[SourceTitle "EXT 2022"]
[Source "ChessBase"]
[SourceDate "2021.10.06"]
[SourceVersion "1"]
[SourceVersionDate "2021.10.06"]
[SourceQuality "1"]

1. d4 Nf6 2. Nf3 c5 3. e3 d5 4. b3 Nc6 5. Bb2 Bg4 6. Be2 e6 7. Nbd2 Rc8 8. O-O Be7 9. h3 Bh5 10. Rc1 b6 11. Ne5 Bxe2 12. Qxe2 O-O 13. f4 Nd7 14. Nxd7 Qxd7 15. Nf3 f6 16. Rfd1 Rfd8 17. c4 Qc7 18. g3 Na5 19. cxd5 Rxd5 20. e4 Rd7 21. d5 exd5 22. exd5 Rd6 23. Nh4 Qd7 24. Nf5 Qxf5 25. Qxe7 Qd7 26. Qxd7 Rxd7 27. b4 Nb7 28. Rc2 Rcd8 29. bxc5 Nxc5 30. Ba3 Rxd5 31. Rxd5 Rxd5 32. Kg2 Kf7 33. g4 Ke6 34. Re2+ Kd7 35. Bb4 a5 36. Be1 Ne6 37. Bg3 b5 38. f5 Nc5 39. Rc2 b4 40. Bf2 Kc6 41. Be1 Kb5 42. Bf2 a4 43. Kf1 b3 44. axb3 axb3 45. Rb2 Kc4 46. Rb1 Nd3 47. Be3 Kc3 48. Ke2 Kc2 49. Ra1 b2 50. Ra8 b1=Q 51. Rc8+ Kb3 0-1

[Event "Ste Foy Alekhine"]
[Site "Ste Foy CAN"]
[Date "2017.10.09"]
[Round "5"]
[White "Rouleau, Claude"]
[Black "Glode, Martin"]
[Result "0-1"]
[WhiteElo "1638"]
[BlackElo "1891"]
[WhiteFideId "-1"]
[WhiteFideId "-1"]
[PlyCount "60"]
[GameId "2160767908338656"]
[EventDate "2017.09.11"]
[EventType "swiss"]
[EventRounds "5"]
[EventCountry "CAN"]
[SourceTitle "EXT 2022"]
[Source "ChessBase"]
[SourceDate "2021.10.06"]
[SourceVersion "1"]
[SourceVersionDate "2021.10.06"]
[SourceQuality "1"]

1. e4 Nf6 2. e5 Nd5 3. d4 d6 4. c4 Nb6 5. f4 dxe5 6. fxe5 Nc6 7. Nf3 Bg4 8. Be3 Bxf3 9. gxf3 e6 10. h4 Be7 11. Bf2 Bb4+ 12. Nc3 f6 13. f4 fxe5 14. fxe5 O-O 15. a3 Bxc3+ 16. bxc3 Na5 17. Qg4 Qd7 18. d5 exd5 19. Qxd7 Nxd7 20. e6 Nf6 21. cxd5 Nxd5 22. Bd4 Rae8 23. Bh3 Nf4 24. Rg1 Nxe6 25. Bxe6+ Rxe6+ 26. Kd1 Rf7 27. Ra2 Nc6 28. Rd2 Nxd4 29. Rxd4 Rd6 30. Rgg4 Rfd7 0-1

[Event "Ste Foy Botwinnik"]
[Site "Ste Foy CAN"]
[Date "2017.02.13"]
[Round "1"]
[White "Bluteau, Yvon"]
[Black "Boissinot, Claude"]
[Result "1-0"]
[WhiteElo "1904"]
[BlackElo "1507"]
[WhiteFideId "-1"]
[WhiteFideId "-1"]
[PlyCount "86"]
[GameId "2160767908338683"]
[EventDate "2017.09.09"]
[EventType "swiss"]
[EventRounds "5"]
[EventCountry "CAN"]
[SourceTitle "EXT 2022"]
[Source "ChessBase"]
[SourceDate "2021.10.06"]
[SourceVersion "1"]
[SourceVersionDate "2021.10.06"]
[SourceQuality "1"]

1. Nf3 d5 2. b3 Bf5 3. Bb2 e6 4. e3 Nf6 5. c4 Bd6 6. Nc3 O-O 7. Be2 c6 8. d4 h6 9. h3 Bh7 10. Bd3 Bxd3 11. Qxd3 Nbd7 12. O-O Re8 13. Rad1 e5 14. dxe5 Nxe5 15. Nxe5 Bxe5 16. cxd5 Nxd5 17. Qf5 g6 18. Qf3 Qa5 19. Nxd5 Bxb2 20. b4 Qd8 21. Nc3 Qe7 22. Na4 Bg7 23. Nc5 Rad8 24. Rc1 Rd6 25. Rc4 f5 26. Nb3 Qf7 27. Rc2 g5 28. Rc5 Rd5 29. Rfc1 h5 30. Rxd5 cxd5 31. Qg3 f4 32. Qxg5 fxe3 33. fxe3 Re5 34. Qg3 Qe8 35. Rc7 Re7 36. Rxe7 Qxe7 37. Qf4 b6 38. a3 Qe4 39. Qxe4 dxe4 40. Kf2 Bb2 41. a4 Kf7 42. Kg3 Kg6 43. Kf4 Be5+ 1-0

[Event "Ste Foy Botwinnik"]
[Site "Ste Foy CAN"]
[Date "2017.02.13"]
[Round "1"]
[White "Pouliot, Lewis"]
[Black "Tremblay-Alix, Eric"]
[Result "0-1"]
[WhiteElo "1463"]
[BlackElo "1840"]
[WhiteFideId "-1"]
[WhiteFideId "-1"]
[PlyCount "92"]
[GameId "2160767908338684"]
[EventDate "2017.09.09"]
[EventType "swiss"]
[EventRounds "5"]
[EventCountry "CAN"]
[SourceTitle "EXT 2022"]
[Source "ChessBase"]
[SourceDate "2021.10.06"]
[SourceVersion "1"]
[SourceVersionDate "2021.10.06"]
[SourceQuality "1"]

1. Nf3 d6 2. c4 Nf6 3. Nc3 e5 4. e4 Nc6 5. h3 Be7 6. d3 Be6 7. Be3 Qd7 8. a3 O-O 9. Be2 Ne8 10. Nd5 f5 11. Nxe7+ Nxe7 12. Ng5 fxe4 13. Nxe6 Qxe6 14. dxe4 Nf6 15. Qc2 c6 16. Rd1 Rfc8 17. Bg5 h6 18. Bxf6 Qxf6 19. O-O d5 20. f3 d4 21. c5 Ng6 22. Bc4+ Kh7 23. g3 Qg5 24. Qg2 Rf8 25. Be6 Qe3+ 26. Kh2 Rad8 27. Rfe1 Qxf3 28. Qxf3 Rxf3 29. Bf5 Rf2+ 30. Kg1 Rxb2 31. Rb1 Rxb1 32. Rxb1 h5 33. Rxb7 Kh6 34. Kf2 Nf8 35. Re7 g6 36. Be6 Kg5 37. Bb3 Nd7 38. Ba4 Kf6 39. Rh7 Nxc5 40. Bxc6 Rc8 41. Bd5 Nd3+ 42. Ke2 Nb2 43. Rf7+ Kg5 44. Rf3 Rc2+ 45. Ke1 d3 46. Bb3 d2+ 0-1

[Event "Ste Foy Botwinnik"]
[Site "Ste Foy CAN"]
[Date "2017.09.09"]
[Round "1"]
[White "Chouinard, Etienne"]
[Black "Lacerte, Kevin"]
[Result "1-0"]
[WhiteElo "1860"]
[BlackElo "1511"]
[WhiteFideId "-1"]
[WhiteFideId "-1"]
[PlyCount "77"]
[GameId "2160767908338685"]
[EventDate "2017.09.09"]
[EventType "swiss"]
[EventRounds "5"]
[EventCountry "CAN"]
[SourceTitle "EXT 2022"]
[Source "ChessBase"]
[SourceDate "2021.10.06"]
[SourceVersion "1"]
[SourceVersionDate "2021.10.06"]
[SourceQuality "1"]

1. e4 c5 2. f4 d6 3. Nf3 Nf6 4. d3 Nc6 5. Be3 Bg4 6. h3 Bxf3 7. Qxf3 g6 8. Nc3 Bg7 9. g4 Nd4 10. Qf2 Qb6 11. Rb1 Nd7 12. a3 O-O 13. Bg2 f5 14. exf5 gxf5 15. g5 e5 16. Bxd4 exd4 17. Nd5 Qa5+ 18. Kf1 Rae8 19. Qh4 Kh8 20. Re1 Qd2 21. Ne7 Rxe7 22. Rxe7 Nb6 23. Re2 Qc1+ 24. Kf2 Qxb2 25. Rhe1 c4 26. g6 h6 27. Re8 Qxc2+ 28. R1e2 Rxe8 29. Rxc2 cxd3 30. Rd2 Nc4 31. Rxd3 Nb2 32. Rb3 Nd1+ 33. Kg1 b6 34. Rd3 Nb2 35. Rd2 Nc4 36. Rd3 Nb2 37. Rb3 d3 38. Rxb2 Bxb2 39. Qxh6+ 1-0

[Event "Ste Foy Botwinnik"]
[Site "Ste Foy CAN"]
[Date "2017.09.09"]
[Round "1"]
[White "Oliver, Vance"]
[Black "Sauve, Richard"]
[Result "0-1"]
[WhiteElo "1537"]
[BlackElo "1891"]
[WhiteFideId "-1"]
[WhiteFideId "-1"]
[PlyCount "70"]
[GameId "2160767908338688"]
[EventDate "2017.09.09"]
[EventType "swiss"]
[EventRounds "5"]
[EventCountry "CAN"]
[SourceTitle "EXT 2022"]
[Source "ChessBase"]
[SourceDate "2021.10.06"]
[SourceVersion "1"]
[SourceVersionDate "2021.10.06"]
[SourceQuality "1"]

1. Nf3 d5 2. g3 e6 3. Bg2 Nf6 4. O-O c5 5. d3 Nc6 6. Nbd2 Be7 7. e4 d4 8. Nc4 b5 9. Nfe5 Bb7 10. Nxc6 Bxc6 11. Ne5 Bb7 12. f4 O-O 13. g4 Qc7 14. g5 Nd7 15. Nxd7 Qxd7 16. Qh5 g6 17. Qh6 Rfc8 18. Rf3 Bf8 19. Qh4 h5 20. gxh6 Kh7 21. Qf6 Qe7 22. Qxe7 Bxe7 23. Rh3 c4 24. e5 Bxg2 25. Kxg2 cxd3 26. cxd3 Rc2+ 27. Kf3 Rac8 28. Ke4 Rxc1 29. Rxc1 Rxc1 30. a3 Bc5 31. Rg3 Rc2 32. b4 Bb6 33. h4 Re2+ 34. Kf3 Re3+ 35. Kf2 Kxh6 0-1

[Event "Ste Foy Botwinnik"]
[Site "Ste Foy CAN"]
[Date "2017.09.09"]
[Round "1"]
[White "Stoyanova, Stela"]
[Black "Fecteau, Martin"]
[Result "0-1"]
[WhiteElo "1629"]
[BlackElo "1961"]
[WhiteFideId "-1"]
[WhiteFideId "-1"]
[PlyCount "102"]
[GameId "2160767908338689"]
[EventDate "2017.09.09"]
[EventType "swiss"]
[EventRounds "5"]
[EventCountry "CAN"]
[SourceTitle "EXT 2022"]
[Source "ChessBase"]
[SourceDate "2021.10.06"]
[SourceVersion "1"]
[SourceVersionDate "2021.10.06"]
[SourceQuality "1"]

1. Nf3 Nf6 2. d3 d5 3. g3 c5 4. Bg2 Nc6 5. O-O e5 6. Nbd2 Be7 7. e4 d4 8. Nc4 Qc7 9. a4 O-O 10. h3 h6 11. Nh2 Be6 12. Nd2 Qd7 13. g4 Nh7 14. Nc4 Bxc4 15. dxc4 Bg5 16. f4 Bf6 17. fxe5 Nxe5 18. Qe2 d3 19. cxd3 Nxd3 20. Rf5 Nxc1 21. Rxc1 Bd4+ 22. Kh1 Qxa4 23. e5 Ng5 24. Rcf1 Qd7 25. h4 Ne6 26. g5 g6 27. Rf6 h5 28. Bd5 Rae8 29. b3 Re7 30. Nf3 Ng7 31. Kg2 Qg4+ 32. Kh1 Qh3+ 33. Nh2 Rxe5 34. Qf3 Qxf3+ 35. R1xf3 Re1+ 36. Nf1 Nf5 37. Rxg6+ Ng7 38. Rh6 Ne6 39. Rxh5 Bg7 40. g6 fxg6 41. Bxe6+ Rxe6 42. Rxf8+ Bxf8 43. Rd5 Re4 44. h5 Rh4+ 45. Kg2 Rxh5 46. Rxh5 gxh5 47. Ng3 Kf7 48. Nxh5 Bd6 49. Kf3 a6 50. Kg4 Kg6 51. Kh4 b5 0-1